| 000 | 00474nmm a2200157Ia 4500 | ||
|---|---|---|---|
| 008 | 251105s9999||||xx |||||||||||||||||und|| | ||
| 020 | _a9789587415520 | ||
| 041 | _aspa | ||
| 100 | _aFiguera Vargas, Sorily Carolina | ||
| 245 | 0 | _aJurisdicción especial indígena en Latinoamericana | |
| 264 |
_a[Bogotá, Colombia] : _bUniversidad del Norte, _c2015 |
||
| 300 | _a366 páginas | ||
| 650 | _aLaw | ||
| 856 | _uhttps://public.digitaliapublishing.com/a/37552 | ||
| 942 | _cCF | ||
| 999 |
_c95944 _d95944 |
||